| 000 | 00445nam a22001817a 4500 | ||
|---|---|---|---|
| 003 | OSt | ||
| 005 | 20180116183005.0 | ||
| 008 | 150805b xxu||||| |||| 00| 0 eng d | ||
| 020 | _a9789351114468 | ||
| 040 | _c0 | ||
| 082 | _a657 DAN 2014 | ||
| 100 | _aDaniel Clark | ||
| 245 |
_aFinancial Accounting _cDaniel Clark |
||
| 260 |
_aIndia _bRandom Publications _c2014 |
||
| 300 | _a278 p. | ||
| 440 | _aFinancial Accounting | ||
| 942 |
_2ddc _cBK |
||
| 999 |
_c349998 _d349998 |
||